000 00421nam a22001697a 4500
005 20180720120851.0
008 160430b xxu||||| |||| 00| 0 eng d
020 _a81-203-2283-5
041 _aeng
082 _b1088
_a658.3
100 _aRobins Stephen.
_94591
245 _aOrganizational Behaviour
260 _aNew Delhi
_bPrentice hall of India,
_c2003
300 _a675p,
650 _aManagement
_9241
942 _cBK
999 _c405
_d405